000 01211nam a2200337Ia 4500
005 20220317001925.0
007 ta
008 210830s20162017ck a br 000 0 spa d
020 _a9789583055584
040 _aCO-BoRNBP
_bspa
_erda
_cCO-BoRNBP
041 1 _aspa
_hger
082 0 4 _a910.45
_bF35p
_222
100 1 _aFinch, Karin
_eautor
245 1 0 _aPiratas
_bel terror de los mares
_cKarin Finch ; traducción del alemán Francisco Fernández
250 _aPrimera edición
264 1 _aBogotá
_bPanamericana
_c2016
_c2018
300 _a48 páginas
_bilustraciones, fotografías, mapas
_c28 cm
336 _atexto
_btxt
_2rdacontent
337 _asin mediación
_bn
_2rdamedia
338 _avolumen
_bnc
_2rdacarrier
490 0 _aCómo y por qué
500 _aIncluye glosario al final del texto
521 _aRecomendado para un público mayor de 9 años
534 _tPiraten
650 1 7 _aAventureros militares
_xHistoria
_xLiteratura infantil
_2LEMB
650 1 7 _aBarcos
_xLiteratura infantil
_2LEMB
650 1 7 _aHistoria naval
_xLiteratura infantil
_2LEMB
650 1 7 _aPiratas
_xHistoria
_xLiteratura Infantil
_2LEMB
700 1 _aFernández, Francisco
_etraductor
_9186192
942 _2ddc
_cBKINF
999 _c8554
_d8554